Spell the Marvel Hero #56 - Statistics

General Stats
  • This quiz has been taken 21 times
  • The average score is 4 of 5
Answer Stats
Picture Answer % Correct
Iron Fist
100%
Okoye
95%
Hit-Monkey
84%
Hiro
79%
Rictor
42%
No matching quizzes found
Score Distribution
Percent of People with Each Score
Percentile by Number Answered
Your Score History
You have not taken this quiz